Národohospodářské plánování 2

Guardado en:
Detalles Bibliográficos
Autor principal: Rendl, Václav
Autor Corporativo: Vysoká škola ekonomická v Praze. Národohospodářská fakulta
Formato: Libro
Lenguaje:checo
Publicado: Praha Státní pedagogické nakladatelství 1988
Edición:1. vyd.
Etiquetas: Agregar Etiqueta
Sin Etiquetas, Sea el primero en etiquetar este registro!

MARC

LEADER 00000nam a2200000 4500
001 c033124
005 20221219085401.4
041 0 |a cze 
044 |a CZ 
245 1 0 |a Národohospodářské plánování 2  |c Václav Rendl a kol. 
250 |a 1. vyd. 
264 1 |a Praha  |b Státní pedagogické nakladatelství  |c 1988 
300 |a 206 s. 
100 1 |a Rendl, Václav 
710 2 |a Vysoká škola ekonomická v Praze. Národohospodářská fakulta